Statistiques concernant Équipe ayant battu l'Afrique du Sud en rugby.

Cliquez ici pour prendre le quiz!

Statistiques générales

  • Ce quiz a été pris 255 fois
  • Le résultat moyen est 11 sur 13

Statistiques - réponses

JouésVictoiresDernièreÉquipes% Correct
102612022 Nouvelle-Zélande
100%
44122022 France
100%
44162021 Angleterre
99%
2672017 Irlande
98%
2852010 Écosse
97%
91402022 Australie
97%
1512016 Italie
94%
4072022 Pays de Galles
93%
3232018 Argentine
92%
312015 Japon
89%
842010 Barbarian britanniques
36%
49182021 Lions britanniques et irlandais
36%
531997 Barbarians français
35%

Distribution des résultats

Percentile par nombre de réponses

% des personnes avec chaque résultat

Votre développement - résultats

Vous n’avez pas pris ce quiz